000 00234nam a2200097Ia 4500
001 797748
005 20250826170813.0
008 250824s9999 xx 000 0 und d
245 0 _aSİMRU
_cKAHRAMAN TAZEOĞLU
260 _bDESTEK YAYINLARI
999 _c797748
_d797748